000 00794nam a2200193 i 4500
001 166495
003 ES-MaACL
005 20250902093842.0
008 050913s1895 sp | |||||||| ||spa d
040 _aCAM
_bspa
_cCAM
100 1 _aTorres Campos, Manuel.
_9110934
245 1 3 _aLa mujer
_b: discurso inaugural de la Sección de estudios para la mujer en el curso de 1895-96 /
_cleído por Manuel Torres Campos.
260 _aMadrid :
_b[s.n.],
_c1895 (
_fRomero, impresor)
300 _a31 p. ;
_c25 cm.
650 0 4 _aMujeres-
_xDerechos
_915263
710 2 _aReal Sociedad Económica de Amigos del País de la Provincia de Granada
_9138618
852 _aES-MaACL
_jT-841-F-2
_z-- Enc. hol., conservando la cub. original
_z-- Enc. en un vol. facticio
999 _c166495
_d166495